Los espacios agrarios en Latinoamérica, los desiertos /
Salvo en Europa y en la Antártida, en cada continente podemos encontrar por lo menos un desierto. Cada desierto tiene sus particularidades, pero todos tienen algo en común: la escasez de precipitaciones.
Guardado en:
| Autor Principal: | |
|---|---|
| Autor Corporativo: | |
| Otros Autores: | |
| Formato: | |
| Publicado: |
Argentina,
2009
|
| Series: | Horizontes. Ciencias Sociales
|
| Materias: | |
| Etiquetas: |
Agregar Etiqueta
Sin Etiquetas, Sea el primero en etiquetar este registro!
|
| LEADER | 01166ngm a22003135g 4500 | ||
|---|---|---|---|
| 001 | CEM.cems023150 | ||
| 008 | 130507s2009##################0###0#####d | ||
| 005 | 20241216165354.0 | ||
| 245 | 1 | 0 | |a Los espacios agrarios en Latinoamérica, los desiertos / |c Dalmiro Saenz. |
| 260 | |a Argentina, |c 2009 | ||
| 300 | |a 26'. | ||
| 490 | 0 | |a Horizontes. Ciencias Sociales | |
| 500 | |a Consultar en ventanilla. | ||
| 538 | |a Soporte: DVD - Color: Si - Grabación DRD | ||
| 590 | |a Identificación anterior registrada en SIABUC: DVD Nº46 | ||
| 520 | |a Salvo en Europa y en la Antártida, en cada continente podemos encontrar por lo menos un desierto. Cada desierto tiene sus particularidades, pero todos tienen algo en común: la escasez de precipitaciones. | ||
| 100 | 1 | |a Saenz, Dalmiro | |
| 700 | 1 | |a Pais, Ernestina; Conducción. | |
| 710 | 2 | |a Canal Encuentro. | |
| 082 | 3 | 0 | |/ SAE-2 |
| 653 | |a GEOGRAFÍA | ||
| 653 | |a CLIMA | ||
| 653 | |a SEQUÍA | ||
| 653 | |a DESIERTOS | ||
| 653 | |a BIOMAS | ||
| 653 | |a SERIE DE TELEVISIÓN | ||
| 653 | |a NIVEL SECUNDARIO | ||
| 653 | |a NIVEL PRIMARIO | ||
| 859 | |a CEMS |b BIB. CEMS - Depto. Recursos Didacticos |h 300 |i SAE-2 |k DRD |p 1793.13 |t Ej.1 | ||
